[Event "4th 4NCL Easter Congress"]
[Site "Holiday Inn Peterborough - West"]
[Date "2024.03.31"]
[Round "4"]
[Board "20"]
[White "Krief, Tom"]
[Black "Kocan, Barry A"]
[Result "0-1"]
[WhiteElo "1713"]
[BlackElo "1719"]
[PlyCount "0"]
[EventDate "2024.03.29"]
[EventRounds "7"]
[EventCountry "ENG"]

1. e4 c5 2. Nc3 d6 3. Bb5+ Nd7 4. Qf3 a6 5. Bc4 Ne5 6. Qe2 Nxc4 7. Qxc4 Nf6 8. Nf3
b5 9. Qe2 Bb7 10. d3 g6 11. Be3 Bg7 12. Qd2 b4 13. Ne2 Ng4 14. Bf4 Bxb2 15. Rb1 Bg7
16. h3 Nf6 17. Bh6 O-O 18. h4 Bxh6 19. Qxh6 Ng4 20. Qd2 h5 21. Ng5 Kg7 22. f3 Nf6
23. Nf4 Bc8 24. g4 hxg4 25. h5 Rh8 26. h6+ Kf8 27. c4 e5 28. Nd5 Nxd5 29. cxd5 f6
30. Ne6+ Bxe6 31. dxe6 gxf3 32. h7 g5 33. Qh2 Ra7 34. Qh6+ Rg7 35. Kf2 Qe7 36. Qh3
Rgxh7 37. Qxf3 Qxe6 38. Rbg1 Rxh1 39. Rxh1 Rxh1 40. Qxh1 Qxa2+ 41. Ke3 Ke7 42. Qh3
Qe6 43. Qh7+ Qf7 44. Qh3 Kd8 45. Qh8+ Kc7 46. Qa8 Kb6 47. Qb8+ Kc6 48. Qc8+ Kb5 49.
Qb8+ Kc6 50. Qc8+ Qc7 51. Qxa6+ Qb6 52. Qc8+ Qc7 53. Qe8+ Kb6 54. Qa4 g4 55. Qd1
Qd7 56. Qf1 Qe6 57. Qf2 Kb5 58. Qf1 c4 59. Qa1 cxd3 60. Qa8 d2 61. Qb7+ Kc4 62. Kxd2
Kb3 63. Qc6 Qc4 64. Qa8 g3 65. Qa1 Qc3+  0-1

[Event "4th 4NCL Easter Congress"]
[Site "Holiday Inn Peterborough - West"]
[Date "2024.03.31"]
[Round "4"]
[Board "21"]
[White "Towers, Brian"]
[Black "Denning, Julie L"]
[Result "1-0"]
[WhiteElo "1824"]
[BlackElo "1757"]
[PlyCount "0"]
[EventDate "2024.03.29"]
[EventRounds "7"]
[EventCountry "ENG"]

1. d4 d5 2. Nc3 Nf6 3. Bf4 c5 4. e3 Bf5 5. Nb5 Na6 6. a3 Qa5+ 7. Nc3 Ne4 8. Nge2
e6 9. f3 Nxc3 10. Nxc3 c4 11. g4 Bg6 12. Bg2 Qd8 13. O-O Bd6 14. Bxd6 Qxd6 15. Qd2
f5 16. gxf5 Bxf5 17. e4 dxe4 18. fxe4 Bg6 19. e5 Qb6 20. Ne4 Bxe4 21. Bxe4 O-O-O
22. c3 Qc7 23. Qg2 g6 24. Rf6 Rhe8 25. Raf1 Re7 26. Rf8 Nb8 27. Rxd8+ Qxd8 28. Rf6
Qd7 29. Rf8+ Kc7 30. Bxb7 Nc6 31. Bc8 Qd5 32. Qxd5 exd5 33. Bg4 Nd8 34. Rf6 Rf7 35.
Rxf7+ Nxf7 36. Be6  1-0

[Event "4th 4NCL Easter Congress"]
[Site "Holiday Inn Peterborough - West"]
[Date "2024.03.31"]
[Round "5"]
[Board "1"]
[White "Jackson, Gary C"]
[Black "Ter Gevorkian, Edouardos"]
[Result "1/2-1/2"]
[WhiteElo "1864"]
[BlackElo "1850"]
[PlyCount "0"]
[EventDate "2024.03.29"]
[EventRounds "7"]
[EventCountry "ENG"]

1. e4 Nf6 2. Nc3 e5 3. Nf3 Nc6 4. Bb5 Nd4 5. Ba4 Bc5 6. O-O O-O 7. Nxe5 d6 8. Nd3
Bg4 9. Qe1 Nf3+ 10. gxf3 Bxf3 11. h3 Ng4 12. Ne2 Qh4 13. Ndf4 Bxe2 14. d4 Bxf1 15.
Qxf1 Bxd4 16. hxg4 Qxg4+ 17. Qg2 Qd1+ 18. Qf1 Bxf2+ 19. Kxf2 Qd4+ 20. Be3 Qxa4 21.
Qd3 Rae8 22. c4 f5 23. Qd5+ Rf7 24. b3 Qd7 25. Rg1 fxe4 26. Ke2 c6 27. Qg5 Re5 28.
Qh4 Ref5 29. Nh3 Rf3 30. Ng5 Qf5 31. Nxf7 Rxe3+ 32. Kxe3 Qf3+ 33. Kd2 Qd3+ 34. Ke1
Qe3+ 35. Kf1 Qd3+ 36. Kg2 Qf3+ 37. Kh2 Kxf7 38. Rg2 e3 39. Qg4 Qxg4 40. Rxg4 d5 41.
Kg2 Kf6 42. Kf3 g5 43. Kxe3 h5 44. Rg1 dxc4 45. bxc4 Kf5 46. Kf3 g4+ 47. Kg3 Ke4
48. Rd1 b5 49. cxb5 cxb5 50. Rc1 Kd4 51. Kh4 a5 52. Kxh5 b4 53. Kxg4 a4 54. Kf3 Kd3
55. Re1 b3 56. axb3 axb3 57. Re3+ Kc2 58. Re2+ Kc3 59. Re8 b2 60. Rc8+ Kd2 61. Rb8
Kc2 62. Ke2 b1=Q 63. Rxb1 Kxb1  1/2-1/2

[Event "4th 4NCL Easter Congress"]
[Site "Holiday Inn Peterborough - West"]
[Date "2024.03.31"]
[Round "5"]
[Board "2"]
[White "Wheeler, Tim"]
[Black "Burton, Sean"]
[Result "1-0"]
[WhiteElo "1813"]
[BlackElo "1827"]
[PlyCount "0"]
[EventDate "2024.03.29"]
[EventRounds "7"]
[EventCountry "ENG"]

1. e4 c5 2. Nf3 d6 3. d4 cxd4 4. Nxd4 Nf6 5. Nc3 g6 6. Be3 Bg7 7. Be2 Nc6 8. Qd2
O-O 9. O-O-O Nxd4 10. Bxd4 Be6 11. h4 h5 12. f3 Qa5 13. Kb1 Rfc8 14. Nd5 Qxd2 15.
Nxf6+ Bxf6 16. Rxd2 Bxd4 17. Rxd4 Rc5 18. c3 Rac8 19. Bd1 b5 20. Bb3 Bxb3 21. axb3
a5 22. b4 axb4 23. Rxb4 Kg7 24. Kc2 Ra8 25. Rd1 Kf6 26. Rd5 Ra5 27. Rbd4 Ke6 28.
b4  1-0

[Event "4th 4NCL Easter Congress"]
[Site "Holiday Inn Peterborough - West"]
[Date "2024.03.31"]
[Round "5"]
[Board "3"]
[White "Siu, Kam Wa"]
[Black "Honarvarmahalati, Hooman"]
[Result "1/2-1/2"]
[WhiteElo "1825"]
[BlackElo "1764"]
[PlyCount "0"]
[EventDate "2024.03.29"]
[EventRounds "7"]
[EventCountry "ENG"]

1. e4 c6 2. d4 d5 3. Nc3 dxe4 4. Nxe4 Bf5 5. Ng3 Bg6 6. h4 h6 7. h5 Bh7 8. c3 Nd7
9. Nf3 Ngf6 10. Bd3 Bxd3 11. Qxd3 e6 12. Ne4 Nxe4 13. Qxe4 Nf6 14. Qh4 c5 15. Be3
Nd5 16. Qe4 Nxe3 17. fxe3 Qb6 18. O-O-O Be7 19. Ne5 cxd4 20. Rxd4 Qa6 21. Ng6 e5
22. Nxe7 Kxe7 23. Qxe5+ Kf8 24. Rhd1 Qf6 25. Qxf6 gxf6 26. Rf1 Re8 27. Kd2 Re6 28.
Rd8+ Kg7 29. Rxh8 Kxh8 30. Rf4 Rd6+ 31. Ke2 Kg7 32. g4 Rd5 33. e4 Ra5 34. a3 Rc5
35. Kd3 Rg5 36. c4 b5 37. b4 bxc4+ 38. Kxc4 Re5 39. b5 Re7 40. a4 Rc7+ 41. Kb4 Rc1
42. Ka5 Rc4 43. Rf5 Rxe4 44. Rc5 Rxg4 45. Rc7 f5 46. Rxa7 f4 47. b6 f3 48. b7 f2
49. b8=Q Rg5+ 50. Kb4 f1=Q 51. Qc7 Qb1+ 52. Kc4 Qa2+ 53. Kd3 Qb3+ 54. Qc3+ Qxc3+
55. Kxc3 Rxh5 56. Kb4 Re5 57. Rc7 h5 58. Rc4 Re1 59. a5 Rb1+ 60. Ka4 Kg6 61. a6 Kg5
62. Rb4 Ra1+ 63. Kb5 Rxa6 64. Kxa6 h4 65. Rb1 h3 66. Kb5 Kg4 67. Rg1+ Kf3 68. Rf1+
Kg2 69. Rxf7 h2 70. Rg7+ Kf2 71. Rh7 Kg2  1/2-1/2

[Event "4th 4NCL Easter Congress"]
[Site "Holiday Inn Peterborough - West"]
[Date "2024.03.31"]
[Round "5"]
[Board "4"]
[White "Royle, Alex"]
[Black "Willow, Hambel M"]
[Result "1/2-1/2"]
[WhiteElo "1842"]
[BlackElo "1766"]
[PlyCount "0"]
[EventDate "2024.03.29"]
[EventRounds "7"]
[EventCountry "ENG"]

1. d4 d5 2. c4 c6 3. Nf3 Nf6 4. Nc3 e6 5. e3 Nbd7 6. Qc2 Bd6 7. Bd3 h6 8. O-O O-O
9. b3 Re8 10. Bb2 a6 11. Rad1 Qe7 12. e4 dxe4 13. Nxe4 Nxe4 14. Bxe4 Nf6 15. Bd3
Bd7 16. Rfe1 c5 17. Ne5 cxd4 18. Bxd4 Rad8 19. h3 Bc5 20. Bb2 Bc6 21. Nxc6 bxc6 22.
Qe2 Rd7 23. Bxf6 gxf6 24. Qe4 f5 25. Qxc6 Red8 26. Qf3 Qh4 27. Rf1 Qg5 28. Be2 Rxd1
29. Rxd1 Rxd1+ 30. Bxd1 Qd2 31. Qe2 Qd4 32. Bc2 Qa1+ 33. Bd1 Qd4 34. Bc2 Qa1+ 35.
Qd1 Qxa2 36. g4 Qb2 37. gxf5 exf5 38. Qd3 Qe5 39. Qxf5 Qxf5 40. Bxf5 Kg7 41. Kg2
Kf6 42. Bc8 a5 43. f4 Ke7 44. Kf3 Kd6 45. Ke4 f6 46. Bg4 Ba3 47. Kf5 Bc1 48. Bh5
Kc5 49. Bf7 Bd2 50. Kg4 Be3 51. f5 Kd6 52. Kf3 Bg5 53. Kg4 Be3 54. Kh5 Bf4 55. Kg6
Bg5 56. Be6 Kc5 57. Kf7 Kd6 58. Kg6 Kc5 59. Kh5 Be3 60. Kg4 Bd2 61. Bf7 Be3 62. Kf3
Bg5 63. Ke4 Bh4 64. Kd3 Be1 65. Ke2 Bh4 66. Kd1 Bf2 67. Kc2 Be1 68. Kd3 Bg3 69. Kc3
Be1+ 70. Kb2 Bb4 71. Ka2  1/2-1/2

[Event "4th 4NCL Easter Congress"]
[Site "Holiday Inn Peterborough - West"]
[Date "2024.03.31"]
[Round "5"]
[Board "5"]
[White "Kaszuba, Adrian"]
[Black "Rubeck, Jonathan"]
[Result "0-1"]
[WhiteElo "1870"]
[BlackElo "1839"]
[PlyCount "0"]
[EventDate "2024.03.29"]
[EventRounds "7"]
[EventCountry "ENG"]

1. c3 d5 2. g3 e6 3. Bg2 Nf6 4. Nf3 Be7 5. O-O O-O 6. d3 b6 7. c4 Bb7 8. Qc2 Nbd7
9. cxd5 exd5 10. d4 c5 11. Nc3 Rc8 12. Qb3 Re8 13. Rd1 c4 14. Qc2 Ne4 15. Bf4 a6
16. Nxe4 dxe4 17. Ne5 Nf6 18. Bh3 Ra8 19. Qxc4 Bd5 20. Qc3 Be6 21. Bxe6 fxe6 22.
Nc6 Qd7 23. Nxe7+ Rxe7 24. Qe3 Rf8 25. Bg5 Ng4 26. Qxe4 Nxf2 27. Qh4 Ref7 28. Rf1
Qd5 29. Bf4 Rxf4 30. gxf4 Rxf4 31. Qxf4 Nh3# 32. Kf2 Nxf4 33. Kg1 Nh3#  0-1

[Event "4th 4NCL Easter Congress"]
[Site "Holiday Inn Peterborough - West"]
[Date "2024.03.31"]
[Round "5"]
[Board "6"]
[White "Webster, Richard J"]
[Black "Sugden, Freddie"]
[Result "0-1"]
[WhiteElo "1935"]
[BlackElo "1715"]
[PlyCount "0"]
[EventDate "2024.03.29"]
[EventRounds "7"]
[EventCountry "ENG"]

1. c4 Nf6 2. g3 g6 3. Bg2 Bg7 4. Nc3 O-O 5. e4 d6 6. Nge2 c6 7. O-O e5 8. d3 Nbd7
9. Bg5 h6 10. Bd2 a5 11. a3 Nc5 12. Qc2 a4 13. Rab1 Be6 14. Be3 Nfd7 15. f4 f5 16.
Rf2 Qa5 17. Rbf1 Nb3 18. Nxa4 exf4 19. gxf4 Qxa4 20. Nc3 Bxc3  0-1

[Event "4th 4NCL Easter Congress"]
[Site "Holiday Inn Peterborough - West"]
[Date "2024.03.31"]
[Round "5"]
[Board "7"]
[White "Dean, Robert A"]
[Black "Graham, Oliver"]
[Result "1/2-1/2"]
[WhiteElo "1838"]
[BlackElo "1884"]
[PlyCount "0"]
[EventDate "2024.03.29"]
[EventRounds "7"]
[EventCountry "ENG"]

1. e4 e5 2. Nf3 Nc6 3. Bb5 Bc5 4. c3 Nf6 5. O-O O-O 6. d4 exd4 7. cxd4 Bb6 8. Nc3
d6 9. h3 h6 10. Re1 Bd7 11. e5 dxe5 12. dxe5 Nh7 13. Bf4 Be6 14. Bxc6 bxc6 15. Qe2
Qe7 16. Red1 Rfd8 17. Rxd8+ Rxd8 18. Rd1 Nf8 19. Bg3 Ng6 20. a3 Rd7 21. Rxd7 Qxd7
22. Ne4 Kh8 23. Kh2 Bd5 24. b4 Qf5 25. Nc5 Bxf3 26. gxf3 Nf4 27. Bxf4 Qxf4+ 28. Kg2
Bxc5 29. bxc5 Qg5+ 30. Kh2 Qf4+ 31. Kg2 Qd4 32. Qe3 Qc4 33. f4 a5 34. f5 Kg8 35.
e6 fxe6 36. fxe6 Qd5+ 37. Kh2 Kf8 38. Qf4+ Kg8 39. Qf7+ Kh7 40. Kg3 Qg5+ 41. Kh2
Qe5+ 42. Kg2 Qg5+ 43. Kh2 Qg6 44. f4 Qc2+ 45. Kg3 Qd3+ 46. Kh4 Qd5 47. f5 Qe4+ 48.
Kg3 Qe3+ 49. Kg2 Qe2+ 50. Kg3 Qe3+ 51. Kg2 Qe2+ 52. Kg3 Qe3+ 53. Kg2  1/2-1/2

[Event "4th 4NCL Easter Congress"]
[Site "Holiday Inn Peterborough - West"]
[Date "2024.03.31"]
[Round "5"]
[Board "8"]
[White "Matthews, Adrian MS"]
[Black "Tart, Peter K"]
[Result "1/2-1/2"]
[WhiteElo "1860"]
[BlackElo "1903"]
[PlyCount "0"]
[EventDate "2024.03.29"]
[EventRounds "7"]
[EventCountry "ENG"]

1. e4 e5 2. Nf3 d5 3. exd5 Bd6 4. d4 e4 5. Ne5 Nf6 6. Bb5+ Nbd7 7. c4 O-O 8. Bf4
Qe7 9. Nc3 Nxe5 10. dxe5 Bxe5 11. Bxe5 Qxe5 12. Qe2 a6 13. Ba4 b5 14. cxb5 Nxd5 15.
Nxd5 Qxd5 16. O-O Bd7 17. Rfd1 Bxb5 18. Rxd5 Bxe2 19. Rc5 Rab8 20. Bb3 Bg4 21. Rxc7
Be6 22. Bxe6 fxe6 23. b3 Rbd8 24. Rc2 Rd5 25. Re1 Rfd8 26. Kf1 Rd4 27. Rce2 Rd2 28.
Rxd2 Rxd2 29. Re2 Rd1+ 30. Re1 Rd2 31. Re2 Rd1+  1/2-1/2

[Event "4th 4NCL Easter Congress"]
[Site "Holiday Inn Peterborough - West"]
[Date "2024.03.31"]
[Round "5"]
[Board "9"]
[White "Mitchell, Stephen R"]
[Black "Shivakumar, Akshath"]
[Result "1-0"]
[WhiteElo "1932"]
[BlackElo "1722"]
[PlyCount "0"]
[EventDate "2024.03.29"]
[EventRounds "7"]
[EventCountry "ENG"]

1. d4 f5 2. g3 Nf6 3. Bg2 e6 4. Nf3 Be7 5. O-O O-O 6. b3 d6 7. Bb2 Ne4 8. Nbd2 Nc6
9. Nxe4 fxe4 10. Ne1 d5 11. f3 exf3 12. exf3 Bf6 13. f4 Bd7 14. Nf3 g6 15. Qd2 Ne7
16. c4 Nf5 17. Rad1 Re8 18. Rfe1 a5 19. Qc1 Bc6 20. Ne5 a4 21. b4 Bxe5 22. Rxe5 dxc4
23. Bxc6 bxc6 24. Qxc4 Qd6 25. Rde1 Ng7 26. Rc5 Reb8 27. Qc3 a3 28. Ba1 Nf5 29. d5
 1-0

[Event "4th 4NCL Easter Congress"]
[Site "Holiday Inn Peterborough - West"]
[Date "2024.03.31"]
[Round "5"]
[Board "10"]
[White "Obi, Okwose Marc"]
[Black "Harris, John"]
[Result "1-0"]
[WhiteElo "1844"]
[BlackElo "1712"]
[PlyCount "0"]
[EventDate "2024.03.29"]
[EventRounds "7"]
[EventCountry "ENG"]

1. e4 g6 2. d4 Bg7 3. Nc3 c6 4. g3 d5 5. Be3 dxe4 6. Nxe4 Nf6 7. Nxf6+ exf6 8. Bg2
O-O 9. Ne2 Bg4 10. h3 Bxe2 11. Qxe2 Re8 12. Qd2 Qb6 13. O-O Qb5 14. a4 Qh5 15. b4
Nd7 16. b5 Rad8 17. bxc6 bxc6 18. Qb4 c5 19. dxc5 Rb8 20. Qa5 f5 21. Rab1 Ne5 22.
Rxb8 Rxb8 23. Qxa7 Re8 24. c6 g5 25. c7 Nf3+ 26. Bxf3 Qxf3 27. Qb8 Qc6 28. Rd1 Bf6
29. Rd8 Bxd8 30. cxd8=Q  1-0

[Event "4th 4NCL Easter Congress"]
[Site "Holiday Inn Peterborough - West"]
[Date "2024.03.31"]
[Round "5"]
[Board "11"]
[White "Dos Santos Silva, Bruno Alexandre"]
[Black "Sengupta, Sohana"]
[Result "1-0"]
[WhiteElo "1797"]
[BlackElo "1594"]
[PlyCount "0"]
[EventDate "2024.03.29"]
[EventRounds "7"]
[EventCountry "ENG"]

1. d4 d5 2. Nc3 Nf6 3. Bf4 c5 4. e3 cxd4 5. exd4 Bg4 6. f3 Bd7 7. Qd2 e6 8. g4 Bb4
9. Bd3 Nc6 10. Nge2 Qb6 11. a3 Bxc3 12. Qxc3 O-O 13. Rb1 Rac8 14. Qd2 Nxd4 15. Nxd4
Qxd4 16. Bxh7+ Nxh7 17. Qxd4 Rfe8 18. O-O Rc4 19. Qd2 Bb5 20. Rfe1 Rec8 21. Rbc1
Nf6 22. Be5 Nd7 23. Bc3 Nb6 24. Qg5 d4 25. Bxd4 Rxd4 26. Qxb5 Rd2 27. Red1 Rxd1+
28. Rxd1 g6 29. c4 Kg7 30. b3 Kg8 31. h4 Kg7 32. h5 Rc7 33. Qe5+  1-0

[Event "4th 4NCL Easter Congress"]
[Site "Holiday Inn Peterborough - West"]
[Date "2024.03.31"]
[Round "5"]
[Board "12"]
[White "Tedd, Bernie"]
[Black "Bowers, Francis J"]
[Result "1-0"]
[WhiteElo "1707"]
[BlackElo "1828"]
[PlyCount "0"]
[EventDate "2024.03.29"]
[EventRounds "7"]
[EventCountry "ENG"]

1. e4 e5 2. f4 exf4 3. Nf3 d6 4. d4 g5 5. g3 g4 6. Nh4 Be7 7. Bxf4 Bxh4 8. gxh4 Qxh4+
9. Bg3 Qe7 10. Nc3 h5 11. Qd2 h4 12. Bf4 c6 13. O-O-O Nd7 14. Bd3 a6 15. Rde1 b5
16. Nd5 Qf8 17. Nc7+ Kd8 18. Qa5 Ke7 19. Nxa8 Ngf6 20. Qc7 Ne8 21. Qxc8 Ke6 22. d5+
Ke7 23. e5 dxe5 24. Bxe5 Nxe5 25. Rxe5+ Kd6 26. Rhe1 cxd5 27. Qd8+ Kc5 28. Qxd5+
Kb4 29. a3+ Ka4 30. Bxb5+ Ka5 31. Bc6+ Qc5 32. Qxc5#  1-0

[Event "4th 4NCL Easter Congress"]
[Site "Holiday Inn Peterborough - West"]
[Date "2024.03.31"]
[Round "5"]
[Board "13"]
[White "Kocan, Barry A"]
[Black "Macphail, Kieran"]
[Result "0-1"]
[WhiteElo "1719"]
[BlackElo "1795"]
[PlyCount "0"]
[EventDate "2024.03.29"]
[EventRounds "7"]
[EventCountry "ENG"]

1. e4 c5 2. Nf3 Nc6 3. d4 cxd4 4. Nxd4 Nf6 5. Nc3 e5 6. Nb3 Bb4 7. Qf3 Bxc3+ 8. bxc3
h6 9. Ba3 d6 10. Bd3 O-O 11. O-O Qc7 12. h3 Be6 13. Qg3 Rfd8 14. Bc1 Nh5 15. Qh4
Nf4 16. Bxf4 exf4 17. Qxf4 Ne5 18. Qg3 Qxc3 19. f4 Nxd3 20. cxd3 Bxb3 21. axb3 Rdc8
22. Rab1 Qd4+ 23. Kh2 Rc3 24. Rf3 Rac8 25. Re3 Rc2 26. f5 Rd2 27. e5 Rcc2 28. Rg1
dxe5 29. Rxe5 Rxd3 30. Re8+ Kh7 31. Qb8 Qd6+ 32. Qxd6 Rxd6 33. Re7 Rb6 34. Rxf7 Rxb3
35. f6 Kg6 36. Rxg7+ Kxf6 37. Rd7 Rbb2 38. h4 a5 39. Kh3 a4 40. g3 h5 41. Rf1+ Ke6
 0-1

[Event "4th 4NCL Easter Congress"]
[Site "Holiday Inn Peterborough - West"]
[Date "2024.03.31"]
[Round "5"]
[Board "14"]
[White "Cawston, M John"]
[Black "Dunkley, Michael"]
[Result "1-0"]
[WhiteElo "1770"]
[BlackElo "1842"]
[PlyCount "0"]
[EventDate "2024.03.29"]
[EventRounds "7"]
[EventCountry "ENG"]

1. d4 d6 2. c4 e5 3. Nc3 exd4 4. Qxd4 Nc6 5. Qd1 Be6 6. e4 Nf6 7. Be2 g6 8. Be3 Bg7
9. Rc1 O-O 10. Nf3 Ne5 11. b3 Nxf3+ 12. Bxf3 Nd7 13. O-O a5 14. Nd5 Nc5 15. Nf4 Qd7
16. Nd3 Nxd3 17. Qxd3 Rad8 18. Bg5 Rde8 19. Rfd1 Bg4 20. c5 Bxf3 21. Qxf3 Qe6 22.
cxd6 cxd6 23. Bf4 Be5 24. Bh6 Bg7 25. Bxg7 Kxg7 26. Qc3+ Qe5 27. f3 Qxc3 28. Rxc3
Rc8 29. Rdc1 Rxc3 30. Rxc3 f5 31. Rc7+ Rf7 32. Rxf7+ Kxf7 33. exf5 gxf5 34. Kf2 Ke6
35. Ke3 h5 36. g3 Ke5 37. Kd3 f4 38. a3 b5 39. a4 bxa4 40. bxa4 Kd5 41. gxf4 h4 42.
h3 Ke6 43. Ke4 Kf6 44. f5 d5+ 45. Kxd5 Kxf5 46. Kc5 Kf4 47. Kb5 Kg3 48. f4 Kxh3 49.
f5 Kg3 50. f6 h3 51. f7 h2 52. f8=Q h1=Q 53. Qg7+ Kf2 54. Qf6+ Kg3 55. Qg5+ Kf2 56.
Qf4+ Ke2 57. Qc4+ Ke3 58. Kxa5 Qa8+ 59. Qa6  1-0

[Event "4th 4NCL Easter Congress"]
[Site "Holiday Inn Peterborough - West"]
[Date "2024.03.31"]
[Round "5"]
[Board "15"]
[White "Morrish, John"]
[Black "Jordan, Mark A"]
[Result "1/2-1/2"]
[WhiteElo "1840"]
[BlackElo "1774"]
[PlyCount "0"]
[EventDate "2024.03.29"]
[EventRounds "7"]
[EventCountry "ENG"]

1. e4 d6 2. Bc4 Nf6 3. Nc3 c6 4. a3 g6 5. d4 Bg7 6. Nf3 O-O 7. h3 Nbd7 8. Be3 Qc7
9. Qd2 b5 10. Be2 a5 11. O-O Bb7 12. Bh6 b4 13. axb4 axb4 14. Na4 Nxe4 15. Qe3 Nef6
16. Bxg7 Kxg7 17. Nh2 Nd5 18. Qd2 N7f6 19. Bf3 Ra5 20. Rfc1 Rfa8 21. Bxd5 Nxd5 22.
b3 Nc3 23. Ng4 c5 24. Re1 Nxa4 25. bxa4 Rxa4 26. Qh6+ Kg8 27. Nf6+ exf6 28. Rxa4
Rd8 29. Raa1 Qc6 30. f3 Re8 31. Qd2 Rxe1+ 32. Rxe1 Qb6 33. dxc5 Qxc5+ 34. Kh1 Kg7
35. Rb1 Bc8 36. Rxb4 Be6 37. Rf4 d5 38. Rd4 Qb5 39. Kh2 Qb8+ 40. g3 Qb5 41. Kg2  1/2-1/2

[Event "4th 4NCL Easter Congress"]
[Site "Holiday Inn Peterborough - West"]
[Date "2024.03.31"]
[Round "5"]
[Board "16"]
[White "White, Nicholas E"]
[Black "Lawrence, Spencer"]
[Result "1-0"]
[WhiteElo "1729"]
[BlackElo "1789"]
[PlyCount "0"]
[EventDate "2024.03.29"]
[EventRounds "7"]
[EventCountry "ENG"]

1. e4 c5 2. Nf3 Nc6 3. c3 Nf6 4. e5 Nd5 5. d4 cxd4 6. cxd4 d6 7. Bc4 Nb6 8. Bxf7+
Kxf7 9. Ng5+ Kg8 10. Qb3+ d5 11. Qf3 Qe8 12. e6 g6 13. Be3 Bh6 14. Nf7 Bxe3 15. Qxe3
Bxe6 16. Nxh8 Bf5 17. Nxg6 Qxg6 18. Na3 Qe6 19. O-O Qxe3 20. fxe3 Be4 21. b3 Nd7
22. Rac1 a6 23. Nb1 Bxb1 24. Rxb1 Rf8 25. Rxf8+ Kxf8 26. a3 Nf6 27. Kf2 Ne4+ 28.
Ke1 e6 29. Rc1 Ke7 30. Ke2 Kd7 31. Rf1 Ke7 32. Kd3 Na5 33. Kc2 Nxb3 34. Rb1 Na5 35.
a4 Nf2 36. h3 Ne4 37. Rf1 Nc4 38. Rf3 Nb6 39. Rf4 Nxa4 40. Rh4 Nf6 41. g4 Kf7 42.
g5 Ne8 43. Rxh7+ Ng7 44. Rh6 Nb6 45. h4 Nc4 46. Kd3 Nd6 47. h5 b5 48. Rh7 Ndf5 49.
h6 Kg6 50. Rh8 Nh5 51. Ra8 Nxh6 52. gxh6 Kxh6 53. Rxa6 Ng7 54. Rb6 Kg5 55. Rxb5 Nf5
56. Rb8 Kf6 57. e4 dxe4+ 58. Kxe4 Ne7 59. Rf8+ Kg7 60. Rf1 Ng6 61. Rf2 Kg8 62. Rf1
Kg7 63. Kd3 Ne7 64. Kc4 Nf5 65. Rf2 Kf6 66. Kc5 Ke7 67. d5 Nd6 68. Re2 Nb7+ 69. Kc6
Na5+ 70. Kc7 Nc4 71. Rxe6 Kf7 72. Re1  1-0

[Event "4th 4NCL Easter Congress"]
[Site "Holiday Inn Peterborough - West"]
[Date "2024.03.31"]
[Round "5"]
[Board "17"]
[White "O'Gorman, Brendan"]
[Black "Meredith, Daniel"]
[Result "1-0"]
[WhiteElo "1716"]
[BlackElo "1670"]
[PlyCount "0"]
[EventDate "2024.03.29"]
[EventRounds "7"]
[EventCountry "ENG"]

1. e4 c5 2. Ne2 d6 3. c4 g6 4. d4 cxd4 5. Nxd4 Nf6 6. Nc3 Bg7 7. Be2 Nc6 8. Be3 O-O
9. O-O Bd7 10. Nc2 Rc8 11. f3 Ne5 12. b3 Nc6 13. Qd2 Bh8 14. Rfd1 a6 15. Rac1 Qc7
16. Nd5 Nxd5 17. cxd5 Nd8 18. Nd4 Qb8 19. Rxc8 Qxc8 20. Rc1 Qb8 21. Qc2 e6 22. Qc7
Qxc7 23. Rxc7 Be8 24. Nc2 exd5 25. exd5 Bb5 26. Bxb5 axb5 27. Bg5 Be5 28. Rd7 f6
29. Be3 Nf7 30. Rxb7 Ra8 31. Nb4 Bc3 32. Rxb5 Bxb4 33. Rxb4 Rxa2 34. Rb8+ Kg7 35.
b4 g5 36. b5 Ne5 37. b6 Rb2 38. Rd8 Nc4 39. Rd7+ Kg6 40. Bd4 Rb5 41. b7 Na5 42. Rxd6
Rxb7 43. Rxf6+ Kg7 44. Ra6+ Kf7  1-0

[Event "4th 4NCL Easter Congress"]
[Site "Holiday Inn Peterborough - West"]
[Date "2024.03.31"]
[Round "5"]
[Board "18"]
[White "Hu, Junyan"]
[Black "Towers, Brian"]
[Result "1/2-1/2"]
[WhiteElo "1704"]
[BlackElo "1824"]
[PlyCount "0"]
[EventDate "2024.03.29"]
[EventRounds "7"]
[EventCountry "ENG"]

1. e4 c6 2. Nf3 d5 3. Nc3 Bg4 4. h3 Bh5 5. g4 Bg6 6. exd5 cxd5 7. d4 e6 8. Ne5 a6
9. h4 f6 10. h5 Bf7 11. Nxf7 Kxf7 12. a3 Bd6 13. Be3 Nc6 14. Qd2 Nge7 15. O-O-O Qa5
16. Nb1 Qxd2+ 17. Nxd2 b5 18. Nf3 Na5 19. h6 g5 20. Bd3 Nc4 21. Rdf1 Ng6 22. Nd2
Nf4 23. Nb1 Nxd3+ 24. cxd3 Na5 25. b4 Rac8+ 26. Kb2 Nb7 27. Rc1 Ke7 28. Nd2 a5 29.
Kb3 a4+ 30. Kb2 Bb8 31. Nb1 Ba7 32. Nc3 Nd6 33. Ne2 Rhg8 34. Ng3 Rxc1 35. Rxc1 Rc8
36. Rh1 Rc6 37. Nh5 Nf7 38. Ng7 Nd8 39. Nh5 Rc8 40. Ng3 Kf7 41. Ne2 Nb7 42. Nc3 Nd6
43. Rc1 Rb8 44. f4 Kg6 45. fxg5 fxg5 46. Rf1 Nf7 47. Rh1 Nxh6 48. Rh5 Nf7 49. Ne2
h6 50. Ng1 e5 51. Nf3 exd4 52. Bxd4 Bxd4+ 53. Nxd4 Rb6 54. Rh1 Ne5 55. Rg1 Nxd3+
56. Kc3 Nf4 57. Re1 h5 58. gxh5+ Kxh5 59. Re5 Kg4 60. Kd2 Rg6 61. Nxb5 Kh3 62. Nc3
g4 63. Rf5 d4 64. Ne4 Ng2 65. Ra5 Nh4 66. Rxa4 g3 67. Nxg3 Rxg3 68. b5 Rb3 69. Rb4
Rxb4 70. axb4 Nf5 71. b6 Nh4  1/2-1/2

[Event "4th 4NCL Easter Congress"]
[Site "Holiday Inn Peterborough - West"]
[Date "2024.03.31"]
[Round "5"]
[Board "19"]
[White "Webster, Vivien"]
[Black "Spencer, Paul"]
[Result "0-1"]
[WhiteElo "1766"]
[BlackElo "1735"]
[PlyCount "0"]
[EventDate "2024.03.29"]
[EventRounds "7"]
[EventCountry "ENG"]

1. d4 d5 2. Nf3 Nf6 3. Nc3 Bf5 4. h3 e6 5. a3 c5 6. dxc5 Bxc5 7. Bg5 Nc6 8. e4 dxe4
9. Qxd8+ Rxd8 10. Bxf6 gxf6 11. Nh4 Nd4 12. O-O-O O-O 13. g4 Bg6 14. Nxg6 hxg6 15.
Nxe4 Be7 16. Bc4 Kg7 17. h4 Nf3 18. h5 Ne5 19. Be2 f5 20. gxf5 exf5 21. Nc3 Bg5+
22. Kb1 Ng4 23. Bxg4 fxg4 24. Ne4 Be7 25. hxg6 Kxg6 26. Rdg1 f5 27. Nc3 Rh8 28. Rxh8
Rxh8 29. f3 Kg5 30. fxg4 fxg4 31. Ne4+ Kf4 32. Nf2 g3 33. Nd3+ Kf3 34. Re1 g2 35.
Rxe7 g1=Q+ 36. Ka2 Qg8+ 37. b3 Rh2 38. Ne1+ Kf4 39. Rxb7 Qe8 40. Nd3+ Kg5 41. Rc7
Qd8 42. Rc5+ Kf6 43. Nb4 Qd4 44. Rc6+ Kg5 45. Rc8 Rh1  0-1

[Event "4th 4NCL Easter Congress"]
[Site "Holiday Inn Peterborough - West"]
[Date "2024.03.31"]
[Round "5"]
[Board "20"]
[White "Denning, Julie L"]
[Black "Krief, Tom"]
[Result "1-0"]
[WhiteElo "1757"]
[BlackElo "1713"]
[PlyCount "0"]
[EventDate "2024.03.29"]
[EventRounds "7"]
[EventCountry "ENG"]

1. e4 d5 2. exd5 Qxd5 3. Nc3 Qa5 4. Nf3 Nf6 5. d4 Bg4 6. h3 Bf5 7. Bd2 c6 8. Ne4
Qc7 9. Nxf6+ exf6 10. Bc4 Be7 11. O-O O-O 12. Re1 Bd6 13. Nh4 Bg6 14. Nxg6 hxg6 15.
Qg4 a5 16. Qxg6 b5 17. Bh6  1-0

[Event "4th 4NCL Easter Congress"]
[Site "Holiday Inn Peterborough - West"]
[Date "2024.04.01"]
[Round "6"]
[Board "1"]
[White "Jackson, Gary C"]
[Black "Wheeler, Tim"]
[Result "1-0"]
[WhiteElo "1864"]
[BlackElo "1813"]
[PlyCount "0"]
[EventDate "2024.03.29"]
[EventRounds "7"]
[EventCountry "ENG"]

1. e4 c5 2. Nf3 Nc6 3. d4 cxd4 4. Nxd4 Nf6 5. Nc3 d6 6. f3 Qb6 7. Nb3 e5 8. Qe2 a6
9. Be3 Qc7 10. g4 Be6 11. g5 Nd7 12. O-O-O b5 13. Kb1 Nb6 14. Bxb6 Qxb6 15. Nd5 Bxd5
16. Rxd5 Ne7 17. Rd2 Ng6 18. h4 Nf4 19. Qd1 Be7 20. Nc1 Rc8 21. Ne2 Ne6 22. Bh3 Rc7
23. Rf1 O-O 24. Bg4 b4 25. f4 Qe3 26. fxe5 dxe5 27. Bxe6 fxe6 28. Rxf8+ Kxf8 29.
Rd8+ Kf7 30. Qf1+ Kg6 31. Rd3 Qb6 32. h5+ Kxh5 33. Qf7+ Kh4 34. Qf3 Kxg5 35. Qg2+
Kh5 36. Qxg7 Bh4 37. Qxe5+ Kh6 38. Rh3 Qf2 39. Qxe6+ Kg5 40. Qe5+ Kh6 41. Rxh4+ Qxh4
42. Qxc7 Qe1+ 43. Nc1 Qxe4 44. Qd6+  1-0